Путь длиною в века: Беседы о преподавании художественной культуры; Книга для учителя

التفاصيل البيبلوغرافية
المؤلف الرئيسي: Бурлина Е. Я. Елена Яковлевна
اللغة:الروسية
منشور في: Москва, Просвещение, 1994
الموضوعات:
التنسيق: كتاب
KOHA link:https://koha.lib.tpu.ru/cgi-bin/koha/opac-detail.pl?biblionumber=57087

MARC

LEADER 00000nam0a2200000 4500
001 57087
005 20231031054040.0
010 |a 5090035768 
035 |a (RuTPU)RU\TPU\book\60142 
090 |a 57087 
100 |a 20031021d1994 m y0rusy50 ca 
101 0 |a rus 
102 |a RU 
105 |a a z 000zy 
200 1 |a Путь длиною в века  |e Беседы о преподавании художественной культуры  |e Книга для учителя  |f Е. Я. Бурлина 
210 |a Москва  |c Просвещение  |d 1994 
215 |a 173 с.  |c ил. 
610 1 |a культура 
610 1 |a образование 
610 1 |a 19 век 
610 1 |a театры 
610 1 |a музеи 
686 |a Ч113  |v LBC/SL-A  |2 rubbk 
700 1 |a Бурлина  |b Е. Я.  |g Елена Яковлевна 
801 1 |a RU  |b 63413507  |c 20031021  |g PSBO 
942 |c BK